Statistics for All County Seats in Maryland

Click here to take the quiz!

General Stats

  • This quiz has been taken 19 times
  • The average score is 14 of 24

Answer Stats

CountyCounty Seat% Correct
Baltimore CityBaltimore
100%
FrederickFrederick
100%
Anne ArundelAnnapolis
93%
MontgomeryRockville
87%
WashingtonHagerstown
80%
AlleganyCumberland
73%
WicomicoSalisbury
73%
HarfordBel Air
67%
HowardEllicott City
67%
BaltimoreTowson
67%
DorchesterCambridge
60%
CecilElkton
60%
GarrettOakland
60%
Prince George'sUpper Marlboro
53%
TalbotEaston
47%
St Mary'sLeonardtown
47%
CalvertPrince Frederick
47%
CarrollWestminster
40%
KentChestertown
33%
CarolineDenton
33%
CharlesLa Plata
33%
SomersetPrincess Anne
33%
WorcesterSnow Hill
27%
Queen Anne'sCentreville
20%

Score Distribution

Percentile by Number Answered

Percent of People with Each Score

Your Score History

You have not taken this quiz